LEADER 01113nam0-22003611i-450- 001 990000774660403321 005 20001010 010 $a88-7758-002-X 035 $a000077466 035 $aFED01000077466 035 $a(Aleph)000077466FED01 035 $a000077466 100 $a20001010d--------km-y0itay50------ba 101 0 $aita 105 $ay-------001yy 200 1 $aAnalisi e progettazione di fondazioni su pali$fH. G. Poulos, E. H. Davis$g[traduzione di Elio G. Modica] 210 $aPalermo$cD. Flaccovio$dc1987 215 $a412 p.$cgraf.$d29 cm 300 $aTrad. dall'inglese dell'ed. pubbl. da John Wiley, c1980 Bibliografia: p. [387]-398 Include vari indici 610 0 $aPali 610 0 $aFondazioni 676 $a624.154 700 1$aPoulos,$bH. G.$031174 702 1$aDavis,$bEdward Hughesdon 702 1$aModica,$bElio G. 801 0$aIT$bUNINA$gRICA$2UNIMARC 901 $aBK 912 $a990000774660403321 952 $aTECN C 240$bINV.3384$fFARBC 959 $aFARBC 996 $aANALISI E PROGETTAZIONE DI FONDAZIONI SU PALI$9316281 997 $aUNINA DB $aING01 LEADER 01574nam 2200493 450 001 9910672250103321 005 20200601170302.0 010 $a607-16-0600-4 035 $a(CKB)3860000000032788 035 $a(MiAaPQ)EBC4508417 035 $a(OCoLC)984773760 035 $a(FlNmELB)ELB71904 035 $a(EXLCZ)993860000000032788 100 $a20160609d2009 uy 1 101 0 $aspa 135 $aurcnu|||||||| 181 $2rdacontent 182 $2rdamedia 183 $2rdacarrier 200 10$aDe los delitos y de las penas /$fCe?sar Beccaria ; estudio introductorio de Sergio Garci?a Rami?rez 210 1$aMe?xico, D.F :$cFondo de Cultura Econo?mica,$d2009. 215 $a1 online resource (248 pa?ginas) 225 1 $aPoli?tica y derecho 300 $aFacsimilar de la edicio?n pri?ncipe en italiano de 1764, seguida de la traduccio?n de Juan Antonio de las Casas de 1774. 311 $a968-16-6063-3 410 0$aPoli?tica y derecho. 606 $aLaw$xEarly works to 1800 606 $aCrimes 606 $aPunishment$xEarly works to 1800 606 $aDerecho 608 $aLibros electronicos. 615 0$aLaw$xEarly works to 1800. 615 0$aCrimes. 615 0$aPunishment$xEarly works to 1800. 615 4$aDerecho. 676 $a340 700 $aBeccaria$b Cesare$cmarchese di.$0119146 702 $aGarci?a Rami?rez$b Sergio 801 0$bFINmELB 801 1$bFINmELB 906 $aBOOK 912 $a9910672250103321 996 $aDe los delitos y de las penas$93045128 997 $aUNINA